| 000 | 00429 a2200157 4500 | ||
|---|---|---|---|
| 020 | _a058287579X | ||
| 024 | _a9780582875791 | ||
| 082 | _a658.4013 | ||
| 090 |
_c5485 _d5485 |
||
| 100 | _aYork, John. | ||
| 245 |
_aQualitivity The Simultaneous Improvement of Quality and Productivity _cJohn York |
||
| 260 |
_aAusttralia _bLongman Professional _c1992 |
||
| 300 | _a218 | ||
| 500 | _aharccover | ||
| 942 |
_aNBS _cBK _k658.4013 YOR |
||
| 999 |
_c347892 _d347892 |
||